Self censorship : Singapore's shame

Bibliographic Details
Main Author: GOMEZ
Format: Book
Published: Singapore : Think Centre , 2000
Subjects:

MARC

LEADER 00000cam a2200000 7i4500
001 0000001143
005 20011204.0
020 0 0 |a 981041739X 
090 0 0 |a 323.443   |b GOM 2000 
100 1 0 |a GOMEZ   |h James 
245 1 0 |a Self censorship :   |b Singapore's shame   |c James Gomez 
260 0 0 |a Singapore :   |b Think Centre ,   |c 2000 
300 |a xii, 98 p. ;   |c 21 cm. 
500 0 0 |a Bibliography : [p. 93-98] 
650 0 0 |a Censorship   |z Singapore 
650 0 0 |a Freedom of speech   |z Singapore 
650 0 0 |a Political culture   |z Singapore 
651 0 0 |a Singapore   |x Politics and government 
998 |a JPSM 
999 |a 0000002120   |b Monograph   |c Open Shelf   |e Default branch